LEADER 00929nam0-2200325---450- 001 990009112480403321 005 20091109160542.0 010 $a978-2-84902-237-5 035 $a000911248 035 $aFED01000911248 035 $a(Aleph)000911248FED01 035 $a000911248 100 $a20091104d2002----km-y0itay50------ba 101 0 $afre 102 $aFR 105 $ay-------001yy 200 1 $aDictionnaire d'orthographe et d'expression écrite$fAndré Jouette 205 $a6e éd. 210 $aParis$cLe Robert$dc2002 215 $aXXI, 774 p.$d24 cm 610 0 $aLingua francese$aOrtografia$aDizionari 676 $a441.52 700 1$aJouette,$bAndré$0433103 801 0$aIT$bUNINA$gRICA$2UNIMARC 901 $aBK 912 $a990009112480403321 952 $a441.52 JOU 1$bDip.f.m.14356$fFLFBC 959 $aFLFBC 996 $aDictionnaire d'orthographe et d'expression écrite$9781020 997 $aUNINA LEADER 01953nam 2200553 450 001 996466557903316 005 20231110220315.0 010 $a3-030-84238-X 035 $a(MiAaPQ)EBC6921763 035 $a(Au-PeEL)EBL6921763 035 $a(CKB)21393443300041 035 $a(PPN)261518984 035 $a(EXLCZ)9921393443300041 100 $a20221017d2022 uy 0 101 0 $aeng 135 $aurcnu|||||||| 181 $ctxt$2rdacontent 182 $cc$2rdamedia 183 $acr$2rdacarrier 200 00$aScientific computing in electrical engineering $eSCEE 2020, Eindhoven, the Netherlands, February 2020 /$fMartijn van Beurden, Neil Budko and Wil Schilders, editors 210 1$aCham, Switzerland :$cSpringer International Publishing,$d[2022] 210 4$d©2022 215 $a1 online resource (305 pages) 225 1 $aMathematics in Industry ;$vv.36 311 08$aPrint version: van Beurden, Martijn Scientific Computing in Electrical Engineering Cham : Springer International Publishing AG,c2022 9783030842376 410 0$aMathematics in Industry 606 $aElectrical engineering$xData processing 606 $aElectrical engineering$xMathematical models 606 $aEnginyeria elèctrica$2thub 606 $aModels matemàtics$2thub 606 $aProcessament de dades$2thub 608 $aCongressos$2thub 608 $aLlibres electrònics$2thub 615 0$aElectrical engineering$xData processing. 615 0$aElectrical engineering$xMathematical models. 615 7$aEnginyeria elèctrica 615 7$aModels matemàtics 615 7$aProcessament de dades 676 $a621.3 702 $aBeurden$b Martijn van 702 $aBudko$b Neil 702 $aSchilders$b Wil 801 0$bMiAaPQ 801 1$bMiAaPQ 801 2$bMiAaPQ 906 $aBOOK 912 $a996466557903316 996 $aScientific computing in electrical engineering$91523618 997 $aUNISA